书目信息 |
| 题名: |
萨特作品精粹
|
|
| 作者: | 郑永慧 选编 | |
| 分册: | ||
| 出版信息: | 石家庄 河北教育出版社 1990.09 |
|
| 页数: | 563页 | |
| 开本: | 20cm | |
| 丛书名: | 世界文学博览 | |
| 单 册: | ||
| 中图分类: | I565.15 | |
| 科图分类: | ||
| 主题词: | 文学--wen xue--作品--法国--现代--选集 | |
| 电子资源: | ||
| ISBN: | 7-5434-0652-7 | |
| 000 | 00873nam 2200253 450 | |
| 001 | 012008053889 | |
| 005 | 20080423145144.82 | |
| 010 | @a7-5434-0652-7@dCNY19.90 | |
| 100 | @a20080423d1990 km y0chiy0120 ea | |
| 101 | 0 | @achi |
| 102 | @aCN@b130000 | |
| 105 | @ay z 000zy | |
| 106 | @ar | |
| 200 | 1 | @a萨特作品精粹@Asa te zuo pin jing cui@f郑永慧选编@Fzheng yong hui xuan bian |
| 210 | @a石家庄@c河北教育出版社@d1990.09 | |
| 215 | @a563页@d20cm | |
| 225 | 2 | @a世界文学博览@Ashi jie wen xue bo lan |
| 330 | @a伟大作家和作品向来是人类进步历程的里程碑。本从书选择最有影响的外国作家,为广大读者了解近现代外国文学的主要风貌提供一条捷径. | |
| 410 | 0 | @12001 @a世界文学博览 |
| 606 | 0 | @a文学@Awen xue@x作品@y法国@z现代@j选集 |
| 690 | @aI565.15@v4 | |
| 701 | 0 | @a郑永慧@Azheng yong hui@4选编 |
| 801 | 0 | @aCN@bQSSK@c20080423 |
| 905 | @b20702639-41@dI565.15@eS007@f3 | |
| 萨特作品精粹/郑永慧选编.-石家庄:河北教育出版社,1990.09 |
| 563页;20cm.-(世界文学博览) |
| ISBN 7-5434-0652-7:CNY19.90 |
| 伟大作家和作品向来是人类进步历程的里程碑。本从书选择最有影响的外国作家,为广大读者了解近现代外国文学的主要风貌提供一条捷径. |
| ● |
| 相关链接 |
|
|
|
正题名:萨特作品精粹
索取号:I565.15/S007
 
预约/预借
| 序号 | 登录号 | 条形码 | 馆藏地/架位号 | 状态 | 备注 |
| 1 | 702639 | 207026396 | 文学库116/116文学库 22排6列2层/ [索取号:I565.15/S007] | 在馆 | |
| 2 | 702640 | 207026403 | 文学库116/116文学库 22排6列2层/ [索取号:I565.15/S007] | 在馆 | |
| 3 | 702641 | 207026412 | 文学库116/116文学库 22排6列2层/ [索取号:I565.15/S007] | 在馆 |